书目信息 |
| 题名: |
普通物理学教程
|
|
| 作者: | 秦允豪 主编 | |
| 分册: | 热学 | |
| 出版信息: | 北京 高等教育出版社 2018.08 |
|
| 页数: | 359页 | |
| 开本: | 26cm | |
| 丛书名: | ||
| 单 册: | ||
| 中图分类: | O4 , O551 | |
| 科图分类: | ||
| 主题词: | 普通物理学--pu tong wu li xue--高等教育--教材 , 热学--re xue--高等教育--教材 | |
| 电子资源: | ||
| ISBN: | 978-7-04-048890-6 | |
| 000 | 00957nam0 2200277 450 | |
| 001 | 2033491590 | |
| 005 | 20201122095036.03 | |
| 010 | @a978-7-04-048890-6@dCNY50.00 | |
| 100 | @a20181114e20192018em y0chiy50 ea | |
| 101 | 0 | @achi |
| 102 | @aCN@b110000 | |
| 105 | @ay z 001yy | |
| 106 | @ar | |
| 200 | 1 | @a普通物理学教程@9pu tong wu li xue jiao cheng@i热学@f秦允豪主编 |
| 205 | @a4版 | |
| 210 | @a北京@c高等教育出版社@d2018.08@h2019.12 | |
| 215 | @a359页@d26cm | |
| 300 | @a“十二五”普通高等教育本科国家级规划教材物理学基础理论课程经典教材 | |
| 330 | @a本书内容包括:分子动理学理论的平衡态理论、输运现象与分子动理学理论的非平衡态理论、热力学第一定律、热力学第二定律与熵、物态与相变等。 | |
| 606 | 0 | @a普通物理学@9pu tong wu li xue@x高等教育@j教材 |
| 606 | 0 | @a热学@9re xue@x高等教育@j教材 |
| 690 | @aO4@v5 | |
| 690 | @aO551@v5 | |
| 701 | 0 | @a秦允豪@9qin yun hao@4主编 |
| 801 | 0 | @aCN@bBJSZM@c20201120 |
| 905 | @b1244580-3@dO4@e1200=4@f4 | |
| 普通物理学教程.热学/秦允豪主编.-4版.-北京:高等教育出版社,2018.08(2019.12) |
| 359页;26cm |
| “十二五”普通高等教育本科国家级规划教材物理学基础理论课程经典教材 |
| ISBN 978-7-04-048890-6:CNY50.00 |
| 本书内容包括:分子动理学理论的平衡态理论、输运现象与分子动理学理论的非平衡态理论、热力学第一定律、热力学第二定律与熵、物态与相变等。 |
| ● |
| 相关链接 |
|
|
|
|
正题名:普通物理学教程
索取号:O4/1200=4
 
预约/预借
| 序号 | 登录号 | 条形码 | 馆藏地/架位号 | 状态 | 备注 |
| 1 | 1244580 | 212445807 | 第二样本阅览室/ [索取号:O4/1200=4] | 在馆 | |
| 2 | 1244581 | 212445816 | 第三借阅区/ [索取号:O4/1200=4] | 在馆 | |
| 3 | 1244582 | 212445825 | 第三借阅区/ [索取号:O4/1200=4] | 在馆 | |
| 4 | 1244583 | 212445834 | 第三借阅区/ [索取号:O4/1200=4] | 在馆 |